000 00286nam a22001217a 4500
020 _a9282888258
082 _a025.31 GEN
245 _aGeneral Catalogue of Publications 2000
260 _aUXEMBOURG
_bWHITE CHLORINE
_c2000
300 _a334P
_bill.;24CM
500 _a INDEX
942 _cBK
999 _c19131
_d19131